Vainqueurs du Grand Prix du Brésil de Formule 1 - Statistiques

Statistiques générales
  • Ce quiz a été pris 428 fois
  • Le résultat moyen est 37 sur 47
Statistiques - réponses
Année Circuit Vainqueur Ecurie % Correct
2016 Interlagos Lewis Hamilton Mercedes
99%
2018 Interlagos Lewis Hamilton Mercedes
99%
2010 Interlagos Sebastian Vettel Red Bull-Renault
99%
2013 Interlagos Sebastian Vettel Red Bull-Renault
99%
2017 Interlagos Sebastian Vettel Ferrari
99%
2019 Interlagos Max Verstappen Red Bull-Honda
98%
1994 Interlagos Michael Schumacher Benetton-Ford
98%
1995 Interlagos Michael Schumacher Benetton-Renault
98%
2000 Interlagos Michael Schumacher Ferrari
98%
2002 Interlagos Michael Schumacher Ferrari
98%
1991 Interlagos Ayrton Senna McLaren-Honda
97%
1993 Interlagos Ayrton Senna McLaren-Ford
97%
2014 Interlagos Nico Rosberg Mercedes
96%
2015 Interlagos Nico Rosberg Mercedes
96%
1982 Jacarepagua Alain Prost Renault
95%
1984 Jacarepagua Alain Prost McLaren-TAG Porsche
95%
1985 Jacarepagua Alain Prost McLaren-TAG Porsche
95%
1987 Jacarepagua Alain Prost McLaren-TAG Porsche
95%
1988 Jacarepagua Alain Prost McLaren-Honda
95%
1990 Interlagos Alain Prost Ferrari
95%
2007 Interlagos Kimi Räikkönen Ferrari
91%
2009 Interlagos Mark Webber Red Bull-Renault
90%
2011 Interlagos Mark Webber Red Bull-Renault
90%
2006 Interlagos Felipe Massa Ferrari
89%
2008 Interlagos Felipe Massa Ferrari
89%
2012 Interlagos Jenson Button McLaren-Mercedes
84%
1997 Interlagos Jacques Villeneuve Williams-Renault
83%
1998 Interlagos Mika Häkkinen McLaren-Mercedes
83%
1999 Interlagos Mika Häkkinen McLaren-Mercedes
83%
1996 Interlagos Damon Hill Williams-Renault
79%
1976 Interlagos Niki Lauda Ferrari
79%
1983 Jacarepagua Nelson Piquet Brabham-BMW
73%
1986 Jacarepagua Nelson Piquet Williams-Honda
73%
1989 Jacarepagua Nigel Mansell Ferrari
69%
1992 Interlagos Nigel Mansell Williams-Renault
69%
2001 Interlagos David Coulthard McLaren-Mercedes
64%
1973 Interlagos Emerson Fittipaldi Lotus-Ford
64%
1974 Interlagos Emerson Fittipaldi McLaren-Ford
64%
2004 Interlagos Juan Pablo Montoya Williams-BMW
61%
2005 Interlagos Juan Pablo Montoya McLaren-Mercedes
61%
1980 Interlagos René Arnoux Renault
43%
2003 Interlagos Giancarlo Fisichella Jordan-Ford
33%
1979 Interlagos Jacques Laffite Ligier-Ford
31%
1977 Interlagos Carlos Reutemann Ferrari
29%
1978 Jacarepagua Carlos Reutemann Ferrari
29%
1981 Jacarepagua Carlos Reutemann Williams-Ford
29%
1975 Interlagos Carlos Pace Brabham-Ford
11%
Aucun quiz correspondant
Distribution des résultats
% des personnes avec chaque résultat
Percentile par nombre de réponses
Votre historique - résultats
Vous n’avez pas pris ce quiz